NPBオールスター選手間投票選出選手 - Statistics

General Stats
  • This quiz has been taken 15 times
  • The average score is 272 of 323
Answer Stats
リーグ 年度 ポジション 選手名 所属 % Correct
捕手 阿部慎之助 巨人
100%
一塁 ウッズ 中日
100%
二塁 荒木雅博 中日
100%
三塁 村田修一 横浜
100%
遊撃 井端弘和 中日
100%
外野 青木宣親 ヤクルト
100%
外野 金本知憲 阪神
100%
外野 ラミレス 巨人
100%
捕手 阿部慎之助 巨人
100%
一塁 ブランコ 中日
100%
二塁 荒木雅博 中日
100%
三塁 小笠原道大 巨人
100%
遊撃 坂本勇人 巨人
100%
外野 青木宣親 ヤクルト
100%
外野 金本知憲 阪神
100%
外野 ラミレス 巨人
100%
2010 投手 前田健太 広島
100%
捕手 阿部慎之助 巨人
100%
一塁 ブランコ 中日
100%
二塁 井端弘和 中日
100%
三塁 小笠原道大 巨人
100%
遊撃 坂本勇人 巨人
100%
外野 青木宣親 ヤクルト
100%
外野 ラミレス 巨人
100%
外野 和田一浩 中日
100%
2011 投手 内海哲也 巨人
100%
捕手 阿部慎之助 巨人
100%
一塁 畠山和洋 ヤクルト
100%
二塁 平野恵一 阪神
100%
三塁 村田修一 横浜
100%
遊撃 坂本勇人 巨人
100%
外野 青木宣親 ヤクルト
100%
外野 ラミレス 巨人
100%
2012 投手 杉内俊哉 巨人
100%
捕手 阿部慎之助 巨人
100%
一塁 ブランコ 中日
100%
二塁 平野恵一 阪神
100%
遊撃 坂本勇人 巨人
100%
外野 高橋由伸 巨人
100%
外野 和田一浩 中日
100%
2013 投手 前田健太 広島
100%
捕手 阿部慎之助 巨人
100%
一塁 ブランコ 横浜
100%
遊撃 坂本勇人 巨人
100%
外野 バレンティン ヤクルト
100%
外野 マートン 阪神
100%
外野 大島洋平 中日
100%
2014 投手 菅野智之 巨人
100%
捕手 阿部慎之助 巨人
100%
一塁 ブランコ 横浜
100%
二塁 菊池涼介 広島
100%
三塁 村田修一 巨人
100%
遊撃 鳥谷敬 阪神
100%
外野 エルドレッド 広島
100%
外野 バレンティン ヤクルト
100%
外野 マートン 阪神
100%
2015 投手 黒田博樹 広島
100%
捕手 阿部慎之助 巨人
100%
一塁 ロペス 横浜
100%
二塁 菊池涼介 広島
100%
三塁 川端慎吾 ヤクルト
100%
遊撃 鳥谷敬 阪神
100%
外野 梶谷隆幸 横浜
100%
2016 投手 菅野智之 巨人
100%
捕手 中村悠平 ヤクルト
100%
二塁 山田哲人 ヤクルト
100%
三塁 川端慎吾 ヤクルト
100%
遊撃 坂本勇人 巨人
100%
外野 バレンティン ヤクルト
100%
外野 エルドレッド 広島
100%
2017 投手 菅野智之 巨人
100%
捕手 小林誠司 巨人
100%
一塁 阿部慎之助 巨人
100%
二塁 菊池涼介 広島
100%
遊撃 坂本勇人 巨人
100%
外野 鈴木誠也 広島
100%
外野 糸井嘉男 阪神
100%
2018 投手 菅野智之 巨人
100%
捕手 小林誠司 巨人
100%
一塁 ロペス 横浜
100%
二塁 菊池涼介 広島
100%
三塁 宮崎敏郎 横浜
100%
遊撃 坂本勇人 巨人
100%
外野 鈴木誠也 広島
100%
外野 糸井嘉男 阪神
100%
2019 投手 大瀬良大地 広島
100%
捕手 梅野隆太郎 阪神
100%
一塁 ロペス 横浜
100%
二塁 山田哲人 ヤクルト
100%
三塁 高橋周平 中日
100%
遊撃 坂本勇人 巨人
100%
外野 鈴木誠也 広島
100%
外野 丸佳浩 巨人
100%
捕手 梅野隆太郎 阪神
100%
一塁 ビシエド 中日
100%
二塁 菊池涼介 広島
100%
三塁 岡本和真 巨人
100%
遊撃 坂本勇人 巨人
100%
外野 佐藤輝明 阪神
100%
外野 鈴木誠也 広島
100%
捕手 木下拓哉 中日
100%
一塁 ビシエド 中日
100%
二塁 牧秀悟 横浜
100%
三塁 村上宗隆 ヤクルト
100%
遊撃 坂本勇人 巨人
100%
外野 塩見泰隆 ヤクルト
100%
外野 丸佳浩 巨人
100%
外野 佐野恵太 横浜
100%
捕手 大城卓三 巨人
100%
一塁 中田翔 巨人
100%
二塁 牧秀悟 横浜
100%
三塁 宮崎敏郎 横浜
100%
遊撃 坂本勇人 巨人
100%
外野 近本光司 阪神
100%
外野 秋山翔吾 広島
100%
外野 佐野恵太 横浜
100%
2024 投手 戸郷翔征 巨人
100%
一塁 岡本和真 巨人
100%
二塁 牧秀悟 横浜
100%
三塁 村上宗隆 ヤクルト
100%
外野 近本光司 阪神
100%
外野 サンタナ ヤクルト
100%
2025 投手 山崎伊織 巨人
100%
一塁 オースティン 横浜
100%
二塁 吉川尚輝 巨人
100%
三塁 佐藤輝明 阪神
100%
遊撃 矢野雅哉 広島
100%
外野 森下翔太 阪神
100%
外野 近本光司 阪神
100%
パリーグ 2008 投手 ダルビッシュ有 日本ハム
100%
一塁 松中信彦 ソフトバンク
100%
二塁 片岡易之 西武
100%
三塁 中村剛也 西武
100%
遊撃 川崎宗則 ソフトバンク
100%
外野 稲葉篤紀 日本ハム
100%
外野 ローズ オリックス
100%
指名 山崎武司 楽天
100%
2009 投手 ダルビッシュ有 日本ハム
100%
捕手 里崎智也 ロッテ
100%
三塁 中村剛也 西武
100%
遊撃 中島裕之 西武
100%
外野 稲葉篤紀 日本ハム
100%
指名 松中信彦 ソフトバンク
100%
2010 投手 ダルビッシュ有 日本ハム
100%
捕手 嶋基宏 楽天
100%
二塁 片岡易之 西武
100%
三塁 中村剛也 西武
100%
遊撃 中島裕之 西武
100%
外野 稲葉篤紀 日本ハム
100%
外野 糸井嘉男 日本ハム
100%
指名 山崎武司 楽天
100%
2011 投手 ダルビッシュ有 日本ハム
100%
捕手 嶋基宏 楽天
100%
三塁 松田宣浩 ソフトバンク
100%
遊撃 中島裕之 西武
100%
外野 内川聖一 ソフトバンク
100%
外野 中田翔 日本ハム
100%
外野 糸井嘉男 日本ハム
100%
指名 山崎武司 楽天
100%
捕手 嶋基宏 楽天
100%
一塁 稲葉篤紀 日本ハム
100%
三塁 中村剛也 西武
100%
遊撃 中島裕之 西武
100%
外野 糸井嘉男 日本ハム
100%
外野 内川聖一 ソフトバンク
100%
捕手 嶋基宏 楽天
100%
三塁 松田宣浩 ソフトバンク
100%
外野 糸井嘉男 オリックス
100%
外野 中田翔 日本ハム
100%
捕手 嶋基宏 楽天
100%
三塁 松田宣浩 ソフトバンク
100%
外野 糸井嘉男 オリックス
100%
外野 中田翔 日本ハム
100%
捕手 嶋基宏 楽天
100%
一塁 中田翔 日本ハム
100%
三塁 中村剛也 西武
100%
外野 秋山翔吾 西武
100%
捕手 炭谷銀仁朗 西武
100%
三塁 松田宣浩 ソフトバンク
100%
外野 秋山翔吾 西武
100%
外野 糸井嘉男 オリックス
100%
捕手 嶋基宏 楽天
100%
一塁 内川聖一 ソフトバンク
100%
三塁 松田宣浩 ソフトバンク
100%
外野 秋山翔吾 西武
100%
三塁 松田宣浩 ソフトバンク
100%
外野 秋山翔吾 西武
100%
三塁 松田宣浩 ソフトバンク
100%
外野 秋山翔吾 西武
100%
三塁 松田宣浩 ソフトバンク
100%
指名 中村剛也 西武
100%
セリーグ 2008 投手 ルイス 広島
86%
外野 長野久義 巨人
86%
三塁 宮本慎也 ヤクルト
86%
外野 長野久義 巨人
86%
三塁 ルナ 中日
86%
外野 筒香嘉智 横浜
86%
外野 雄平 ヤクルト
86%
一塁 新井貴浩 広島
86%
外野 筒香嘉智 横浜
86%
外野 筒香嘉智 横浜
86%
外野 筒香嘉智 横浜
86%
外野 筒香嘉智 横浜
86%
2021 投手 柳裕也 中日
86%
2023 投手 村上頌樹 阪神
86%
捕手 山本祐大 横浜
86%
遊撃 長岡秀樹 ヤクルト
86%
外野 細川成也 中日
86%
捕手 甲斐拓也 巨人
86%
捕手 細川亨 西武
86%
一塁 小久保裕紀 ソフトバンク
86%
外野 サブロー ロッテ
86%
一塁 金泰均 ロッテ
86%
一塁 小久保裕紀 ソフトバンク
86%
二塁 本多雄一 ソフトバンク
86%
2012 投手 田中将大 楽天
86%
外野 聖澤諒 楽天
86%
2013 投手 田中将大 楽天
86%
捕手 甲斐拓也 ソフトバンク
86%
指名 ポランコ ロッテ
86%
外野 G.G.佐藤 西武
86%
2009 投手 大竹寛 広島
71%
二塁 西岡剛 阪神
71%
2022 投手 大勢 巨人
71%
外野 上林誠知 中日
71%
二塁 井口資仁 ロッテ
71%
外野 長谷川勇也 ソフトバンク
71%
二塁 田中賢介 日本ハム
71%
指名 ペーニャ ソフトバンク
71%
二塁 井口資仁 ロッテ
71%
遊撃 今宮健太 ソフトバンク
71%
外野 長谷川勇也 ソフトバンク
71%
指名 ペーニャ ソフトバンク
71%
遊撃 今宮健太 ソフトバンク
71%
外野 柳田悠岐 ソフトバンク
71%
遊撃 今宮健太 ソフトバンク
71%
外野 柳田悠岐 ソフトバンク
71%
外野 柳田悠岐 ソフトバンク
71%
一塁 山川穂高 西武
71%
外野 柳田悠岐 ソフトバンク
71%
一塁 山川穂高 西武
71%
遊撃 今宮健太 ソフトバンク
71%
一塁 山川穂高 西武
71%
外野 柳田悠岐 ソフトバンク
71%
一塁 山川穂高 西武
71%
遊撃 今宮健太 ソフトバンク
71%
外野 柳田悠岐 ソフトバンク
71%
外野 柳田悠岐 ソフトバンク
71%
一塁 山川穂高 ソフトバンク
71%
外野 柳田悠岐 ソフトバンク
71%
一塁 山川穂高 ソフトバンク
71%
三塁 マギー 巨人
57%
外野 鉄平 楽天
57%
一塁 李大浩 オリックス
57%
外野 陽岱鋼 日本ハム
57%
指名 ジョーンズ 楽天
57%
2014 投手 金子千尋 オリックス
57%
一塁 李大浩 ソフトバンク
57%
二塁 藤田一也 楽天
57%
2015 投手 大谷翔平 日本ハム
57%
二塁 浅村栄斗 西武
57%
外野 清田育宏 ロッテ
57%
指名 森友哉 西武
57%
2016 投手 大谷翔平 日本ハム
57%
一塁 メヒア 西武
57%
二塁 浅村栄斗 西武
57%
指名 メヒア 西武
57%
二塁 浅村栄斗 楽天
57%
二塁 浅村栄斗 西武
57%
捕手 森友哉 西武
57%
二塁 浅村栄斗 楽天
57%
外野 西川遥輝 日本ハム
57%
捕手 森友哉 西武
57%
二塁 浅村栄斗 楽天
57%
2022 投手 佐々木朗希 ロッテ
57%
二塁 浅村栄斗 楽天
57%
捕手 森友哉 オリックス
57%
外野 西川龍馬 オリックス
57%
指名 レイエス 日本ハム
57%
外野 ウィーラー 巨人
43%
遊撃 松井稼頭央 楽天
43%
2017 投手 則本昂大 楽天
43%
外野 近藤健介 日本ハム
43%
指名 デスパイネ ソフトバンク
43%
遊撃 源田壮亮 西武
43%
外野 吉田正尚 オリックス
43%
指名 デスパイネ ソフトバンク
43%
2019 投手 千賀滉大 ソフトバンク
43%
外野 吉田正尚 オリックス
43%
指名 デスパイネ ソフトバンク
43%
2021 投手 山本由伸 オリックス
43%
遊撃 源田壮亮 西武
43%
外野 吉田正尚 オリックス
43%
捕手 松川虎生 ロッテ
43%
三塁 宗佑磨 オリックス
43%
外野 吉田正尚 オリックス
43%
外野 松本剛 日本ハム
43%
2023 投手 山下舜平大 オリックス
43%
二塁 外崎修汰 西武
43%
三塁 栗原陵矢 ソフトバンク
43%
遊撃 源田壮亮 西武
43%
外野 松本剛 日本ハム
43%
外野 万波中正 日本ハム
43%
2024 投手 山崎福也 日本ハム
43%
捕手 田宮裕涼 日本ハム
43%
二塁 外崎修汰 西武
43%
三塁 栗原陵矢 ソフトバンク
43%
遊撃 源田壮亮 西武
43%
外野 万波中正 日本ハム
43%
外野 近藤健介 ソフトバンク
43%
2025 投手 今井達也 西武
43%
捕手 若月健矢 オリックス
43%
二塁 太田椋 オリックス
43%
三塁 清宮幸太郎 日本ハム
43%
遊撃 宗山塁 楽天
43%
外野 万波中正 日本ハム
43%
外野 渡部聖弥 西武
43%
遊撃 茂木栄五郎 楽天
29%
2018 投手 岸孝之 楽天
29%
外野 マーティン ロッテ
29%
指名 マーティン ロッテ
29%
一塁 中村晃 ソフトバンク
29%
指名 グラシアル ソフトバンク
14%
No matching quizzes found
Score Distribution
Percent of People with Each Score
Percentile by Number Answered
Your Score History
You have not taken this quiz